La torre Eiffel (Record no. 155374)

MARC details
000 -LEADER
campo de control de longitud fija 00786nam a22001695i 4500
001 - NÚMERO DE CONTROL
campo de control 155374
003 - IDENTIFICADOR DE NÚMERO DE CONTROL
campo de control ES-MaACL
005 - FECHA Y HORA DE LA ÚLTIMA TRANSACCIÓN
campo de control 20230906210042.0
008 - DATOS DE LONGITUD FIJA--INFORMACIÓN GENERAL
campo de control de longitud fija 990405s1889 sp |||| | spa d
040 ## - FUENTE DE CATALOGACIÓN
Centro catalogador/agencia de origen CCPB | B
Lengua de catalogación spa
Centro/agencia transcriptor CCPB | B
100 1# - ENTRADA PRINCIPAL--NOMBRE DE PERSONA
Nombre de persona Herrera y Fayos, Manuel.
9 (RLIN) 127928
245 13 - MENCIÓN DEL TÍTULO
Título La torre Eiffel
Resto del título : reflexiones meteorológicas con motivo de un curioso fenómeno observado en ella por el autor : boceto de una teoría de los principales trastornos atomosféricos /
Mención de responsabilidad, etc. por Manuel Herrera y Fayos.
260 ## - PUBLICACIÓN, DISTRIBUCIÓN, ETC.
Lugar de publicación, distribución, etc. Barcelona :
Nombre del editor, distribuidor, etc. Redacción y Administración de la "Crónica Científica",
Fecha de publicación, distribución, etc. 1889 (
Fabricante Imp. de Redondo y Xumetra)
300 ## - DESCRIPCIÓN FÍSICA
Extensión 23 p. :
Otras características físicas il. ;
Dimensiones 26 cm.
650 04 - PUNTO DE ACCESO ADICIONAL DE MATERIA--TÉRMINO DE MATERIA
Término de materia o nombre geográfico como elemento de entrada Metereología.
9 (RLIN) 15019
852 ## - LOCALIZACIÓN
Ubicación ES-MaACL
Número de control de estantería T-514-F-1
Nota libre -- Enc. hol.
-- -- Enc. en un vol. facticio
Holdings
Estatus retirado Estado de pérdida Estado de daño No para préstamo Colección Biblioteca de origen Biblioteca actual Ubicación en estantería Fecha de adquisición Total de préstamos Signatura topográfica completa Código de barras Visto por última vez Precio de reemplazo Tipo de ítem Koha
        Colección de folletos Biblioteca del Ateneo de Madrid Biblioteca del Ateneo de Madrid Depósito folletos 17/01/2008   T-514-F-1 1162527 23/02/2023 23/02/2023 Folleto